Power sector in India: (Record no. 16654)

MARC details
000 -LEADER
fixed length control field 00958nam a2200253 a 4500
005 - DATE AND TIME OF LATEST TRANSACTION
control field 20080908155745.0
008 - FIXED-LENGTH DATA ELEMENTS--GENERAL INFORMATION
fixed length control field 080610s2008 nyua 001 0 eng
010 ## - LCCN (DPL NO)
LC control number ENG-91299
020 ## - INTERNATIONAL STANDARD BOOK NUMBER
International Standard Book Number 9788189913960
Terms of availability 695.00
035 ## - SYSTEM CONTROL NUMBER
System control number EN-74832
037 ## - SOURCE OF ACQUISITION
Source of stock number/acquisition DBAD / PUB
040 ## - CATALOGING SOURCE
Original cataloging agency dpl
Language of cataloging English
082 ## - DEWEY DECIMAL CLASSIFICATION NUMBER
Classification number 333.790954
100 ## - MAIN ENTRY--PERSONAL NAME
Personal name Pradhan, B.K.
245 ## - TITLE STATEMENT
Title Power sector in India:
Statement of responsibility, etc by B.K. Pradhan
Remainder of title issues and challenges /
260 ## - PUBLICATION, DISTRIBUTION, ETC. (IMPRINT)
Place of publication, distribution, etc New Delhi
Name of publisher, distributor, etc Alfa Publications
Date of publication, distribution, etc 2008
270 ## - ADDRESS
Address 4398/5, Ansari Road, Daryaganj,
City New Delh
Postal code 110002
300 ## - PHYSICAL DESCRIPTION
Extent vii, 296p.
Dimensions 22 cm (Hb)
500 ## - GENERAL NOTE
General note Includes bibliographical references and index
650 ## - SUBJECT ADDED ENTRY--TOPICAL TERM
Topical term or geographic name as entry element Power resources
650 ## - SUBJECT ADDED ENTRY--TOPICAL TERM
Topical term or geographic name as entry element Energy policy
Geographic subdivision India
942 ## - ADDED ENTRY ELEMENTS (KOHA)
Source of classification or shelving scheme Dewey Decimal Classification
Item type English Books
Call number suffix PRA
Classification part 333.790954
Holdings
Withdrawn status Lost status Source of classification or shelving scheme Damaged status Not for loan Collection code Home library Current library Date acquired Source of acquisition Cost, normal purchase price Total Checkouts Full call number Barcode Date last seen Copy number Cost, replacement price Koha item type
    Dewey Decimal Classification   Not For Loan Non-fiction D.B.Act.Division D.B.Act.Division 14/10/2008 DBAD / PUB 695.00   333.790954 PRA EN-74832 14/10/2008 1 695.00 English Books

© Delhi Public Library
Hit Counter
free hit counter